000 00570cam a2200205 4500500
005 20260329002301.0
041 _afre
042 _adc
100 1 0 _aMichaud, Yves
_eauthor
245 0 0 _aLa grande évasion… fiscale
260 _c2011.
500 _a10
690 _aCrise
690 _aDette
690 _aFiscalité
690 _aImpôts
690 _aTaxe
786 0 _nPhilosophie magazine | 54 | 11 | 2011-11-01 | p. 8-8 | 1951-1787
856 4 1 _uhttps://shs.cairn.info/magazine-philosophie-magazine-2011-11-page-8?lang=fr&redirect-ssocas=7080
999 _c1813488
_d1813488